000 00968nam a22002655i 4500
001 177714
003 ES-MaACL
005 20230906220408.0
008 110413s1947 be f |||| | fre d
080 _a74 Ensor, James
080 _a75 Ensor, James
080 _a76 Ensor, James
100 1 _aAvermaete, Roger.
_924025
245 1 0 _aJames Ensor /
_cpar Roger Avermaete.
260 _aAnvers :
_bDe Sikkel, pour le Ministere de l'Instruction Publique,
_ccop. 1947.
300 _a15, [24] p. de lám. bl. y n. , [2] h. de lám. col. y n. ;
_c25 cm.
490 1 _aMonographies de l'art belge. Première Série ;
_v4
500 _aÍndice.
504 _aBibliografía: p. 13.
546 _aTexto en francés, leyenda de las ilustraciones en francés y holandés.
600 1 4 _aEnsor, James (
_d1860-1949)
_947300
830 0 _aMonographies de l'art belge. Première Série ;
_v4
_9190564
852 _aES-MaACL
_jE-14904
_xOlim P-972
999 _c177714
_d177714